000 00905nam a2200277 a 4500
001 BRCA_3922
005 20190320204457.0
008 100110s1945----mx-a######---#000-0#spa-#
041 _aspa
044 _amx
050 4 _aNA5257.A2
_b.C35 1945
100 1 _aCalders, P.
_910201
245 1 0 _aAcolman
_bun convento agustino del siglo XVI
_ctexto y fotografías por P. Calders ; dibujos por Tisner y Calders.
260 _aMéxico
_bAtlante
_c1945
300 _a1 v. (sin paginación)
_bil., 100 láminas
_c32 cm.
440 0 _aColección Museum
_910202
500 _aC72
504 _aBibliografía: p. [27].
600 1 4 _aSan Agustín (Convento : Acolman, Edo. de Méx.)
_910203
650 1 4 _aArquitectura religiosa
_zMéxico
_924
650 1 4 _aConventos y monasterios
_zMéxico
_99892
651 4 _aAcolman (México)
_zMéxico
_910204
700 1 _aTisner
_910205
902 _aGFM
942 _2lcc
_cB
999 _c3649
_d3649